Underworld Discography - Statistics

General Stats
  • This quiz has been taken 12 times
  • The average score is 10 of 49
Answer Stats
Type Year Name % Correct
Album 1999 Beaucoup Fish
82%
Album 1994 dubnobasswithmyheadman
82%
Album 1996 Second Toughest in the Infants
73%
Album 2010 Barking
64%
Video Album 2010 Barking: The Films
64%
Live Album 2000 Everything, Everything
64%
Video Album 2000 Everything, Everything
64%
Album 2002 A Hundred Days Off
55%
Album 2016 Barbara Barbara, we face a shining future
45%
Album 1988 Underneath the Radar
45%
Album 2007 Oblivion with Bells
36%
Compilation 2011 1992–2012 The Anthology
27%
Compilation 2003 1992-2002
18%
Album 1989 Change the Weather
18%
Soundtrack 2008 Sunshine: Music from the Motion Picture
18%
Compilation 2011 A Collection
9%
Compilation 2016 A Collection 2
9%
Live Album 2008 Amsterdam Heineken Music Hall. Holland 30.01.2008
9%
Live Album 2008 Ancienne Belgique, Brussels. Belgium 31.01.2008
9%
Video Album 1999 Beaucoup Video
9%
Live Album 2007 Birmingham Academy. England 9.10.2007
9%
Video Album 2007 Book of Jam - Video
9%
Soundtrack 2006 Breaking and Entering: Music from the Film
9%
Live Album 2008 Brixton Academy, London, England. 01.11.2008
9%
Live Album 2008 Brixton Academy, London, England. 31.10.2008
9%
Video Album 1997 Footwear Repairs by Craftsmen at Competitive Prices
9%
Soundtrack 2011 Frankenstein: Music from the Play
9%
Live Album 2007 Glasgow Academy. Scotland 13.10.2007
9%
EP 2006 I'm a Big Sister, and I'm a Girl, and I'm a Princess, and This Is My Horse
9%
Live Album 2010 iTunes Festival: London 2010
9%
Video Album 1996 Kiteless
9%
Live Album 2008 Köln Palladium. Germany 28.01.2008
9%
Live Album 2007 Live at The Oblivion Ball, Makuhari Messe, Tokyo, Japan 24.11.2007
9%
Live Album 2005 Live in Tokyo 25th November 2005
9%
Live Album 2007 London Roundhouse. England 17.10.2007
9%
Live Album 2007 London Roundhouse. England 18.10.2007
9%
Live Album 2008 London Roundhouse. England 28.02.2008
9%
Live Album 2008 London Roundhouse. England 29.02.2008
9%
EP 2005 Lovely Broken Thing
9%
Live Album 2007 Manchester Apollo. England 16.10.2007
9%
EP 2005 Pizza for Eggs
9%
Compilation 2008 The Bells the Bells
9%
Video Album 2008 The Bells the Bells
9%
EP 2006 The Misterons Mix
9%
Soundtrack 2004 wordimagesoundplay
9%
Soundtrack 2012 Isles of Wonder
0%
Live Album 2011 Live from the Roundhouse
0%
Video Album 2011 Live from the Roundhouse
0%
Live Album 2008 Rotterdam Massilo. Holland 29.01.2008
0%
No matching quizzes found
Score Distribution
Percent of People with Each Score
Percentile by Number Answered
Your Score History
You have not taken this quiz